000 002790000a22000970004500
100 1 _aSmit, Dirk J.
245 1 0 _aLiving unity? On teh ecumenical movement and globalization
300 _aVol. 53, Num. 3 (Diciembre, 2004), Páginas 192-209
773 0 _tReformed World
942 _cANA
999 _c55659
_d55659